Determinants of the capital structure of Ghanaian firms / (Record no. 13870)
[ view plain ]
| 000 -LEADER | |
|---|---|
| fixed length control field | 00604cam a22002052 4500 |
| 001 - CONTROL NUMBER | |
| control field | 0000023493 |
| 005 - DATE AND TIME OF LATEST TRANSACTION | |
| control field | 20151217155912.0 |
| 008 - FIXED-LENGTH DATA ELEMENTS--GENERAL INFORMATION | |
| fixed length control field | 130124s xx 000 0 eng d |
| 020 ## - INTERNATIONAL STANDARD BOOK NUMBER | |
| International Standard Book Number | 9966778233 |
| 040 ## - CATALOGING SOURCE | |
| Original cataloging agency | KABU |
| Transcribing agency | KABU |
| 100 1# - MAIN ENTRY--PERSONAL NAME | |
| Personal name | Abor, Joshua. |
| -- | 0000182922 |
| 245 10 - TITLE STATEMENT | |
| Title | Determinants of the capital structure of Ghanaian firms / |
| Statement of responsibility, etc. | Joshua Abor. |
| 250 ## - EDITION STATEMENT | |
| Edition statement | 1st ed. |
| 260 ## - PUBLICATION, DISTRIBUTION, ETC. (IMPRINT) | |
| Place of publication, distribution, etc. | Nairobi : |
| Name of publisher, distributor, etc. | AERC, |
| Date of publication, distribution, etc. | 2008. |
| 300 ## - PHYSICAL DESCRIPTION | |
| Extent | 34 p. |
| 650 #0 - SUBJECT ADDED ENTRY--TOPICAL TERM | |
| Topical term or geographic name as entry element | Business enterprises |
| General subdivision | Finance |
| Geographic subdivision | Ghana. |
| -- | 0000182923 |
| 908 ## - PUT COMMAND PARAMETER (RLIN) | |
| Put command parameter | 130124 |
| 950 ## - LOCAL HOLDINGS (RLIN) | |
| -- | 1 |
| Withdrawn status | Lost status | Source of classification or shelving scheme | Not for loan | Home library | Current library | Date acquired | Total Checkouts | Full call number | Barcode | Date last seen | Price effective from | Koha item type |
|---|---|---|---|---|---|---|---|---|---|---|---|---|
| Library of Congress Classification | Kabarak, Main Campus | Kabarak, Main Campus | 17/12/2015 | HG4267.7 .A26 2008 c.1 | 014228 | 17/12/2015 | 17/12/2015 | Africana Collection |